000 00698nam a2200205 a 4500
001 000008920
005 20200929161435.0
008 090921s1997 dr 000 p spa d
040 _aDO-SdBNP
_bspa
_cBNPHU
082 _aCu861.44
_bL864v
100 1 _aLópez Serrano, José Andrés
_923483
245 1 0 _aVersos de entendimiento /
_cJosé Andrés López Serreno.
260 _aSanto Domingo :
_bAmigo del Hogar,
_c1997.
300 _a80 p. ;
_c22 cm.
500 _aIncluye datos biográficos del autor en la solapa de la cubierta.
590 _aInventariado, 2018/LP
650 4 _aPoesía religiosa cubana
_923484
650 4 _aLiteratura cubana
_91483
910 _aValidado. Control de calidad MFF
999 _c8686
_d8686